000 00404nam a2200169Ia 4500
001 20275
003 IN-NITTTR
005 20251114233232.0
008 251113s9999||||xx |||||||||||||| ||eng||
040 _beng
040 _cIN-NITTTR
041 _aeng
082 _aR624.1710285 J415S
100 _aJenkins, W. M.
245 0 _aStructural analysis using computers /
_cJenkins, W. M.
942 _2ddc
_cBK
999 _c22909
_d22909